000
00213 a2200097 4500
020
_a
978-3957733115
100
_a
Pppal Suneja
245
_a
Charles Fabri - An Art Critic
250
_a
2024
260
_b
Bauhaus
999
_c
13543
_d
13543